Migliori marcatori della Champions League per squadra #1 - Statistics

Statistiche generali
  • Questo quiz è stato fatto 72 volte
  • Il punteggio medio è 15 su 30
Statistiche sulle risposte
Goals Player % Corretto
105 Cristiano Ronaldo
100%
120 Lionel Messi
98%
42 Alessandro Del Piero
95%
78 Karim Benzema
95%
69 Robert Lewandowski
86%
23 Erling Haaland
85%
57 Thomas Müller
82%
25 Luis Suarez
80%
21 Neymar
78%
36 Sergio Aguero
77%
21 Lautaro Martinez
75%
66 Raul
75%
25 David Trezeguet
60%
10 Samuel Eto'o
55%
18 Paulo Dybala
52%
25 Arjen Robben
48%
29 Vinicius Jr.
42%
23 Mario Gomez
35%
14 Adriano
34%
25 Rodrygo
29%
17 Filippo Inzaghi
26%
10 Phil Foden
26%
15 Alvaro Morata
25%
12 Raheem Sterling
20%
22 Rivaldo
18%
11 Hernán Crespo
15%
13 Julio Cruz
14%
10 Gabriel Jesus
6%
22 Giovane Elber
3%
20 Patrick Kluivert
3%
Nessun quiz corrispondente trovato
Distribuzione punteggi
Percentuale di utenti per punteggio
Percentile per numero di risposta
I tuoi punteggi nel tempo
Non hai fatto questo quiz